| 000 | 00465nam a2200169Ia 4500 | ||
|---|---|---|---|
| 008 | 230917s9999||||xx |||||||||||||| ||und|| | ||
| 020 | _cRS365 | ||
| 040 |
_e227445 _aMAIN |
||
| 041 | _aEnglish | ||
| 082 | _a519.2 M969P | ||
| 100 | _aMurthy, T S R | ||
| 245 | 0 | _aProbability and statistics | |
| 260 |
_aNew Dehi _bI K International Publishing House _c2012 |
||
| 300 | _axii, 518 p. | ||
| 500 | _a2075 10/08/2015 RBP15/47673 31/08/2015 Main Budget | ||
| 942 | _cBK | ||
| 999 |
_c15459 _d15459 |
||